000 00670cam a2200229 4500500
005 20260329004435.0
041 _afre
042 _adc
100 1 0 _aNathan, Tobie
_eauthor
245 0 0 _aReconnaissance faciale. La fragilité du visage
260 _c2019.
500 _a24
690 _aAlicem
690 _aChine
690 _aPseudo-Science
690 _aReconnaissance faciale
690 _aSécurité
690 _aTobie Nathan
690 _aVisage
786 0 _nPhilosophie magazine | 135 | 12 | 2019-12-01 | p. 12-12 | 1951-1787
856 4 1 _uhttps://shs.cairn.info/magazine-philosophie-magazine-2019-12-page-12?lang=fr&redirect-ssocas=7080
999 _c1833857
_d1833857